00984nam a2200205Ia 450000500170000000800410001702000150005805000190007310000320009224500500012425000190017426000340019330000240022733600100025133700140026133800120027550400480028750504170033565000260075220231102151242.0120720t20001960mx |||frp||| 001 0 spa d a9700709043 aKV20bS46 200010aSepúlveda, Césareautor aDerecho Internacionalc / César Sepúlveda a22a. edición aMéxicob : Porrúac, 2000 axxiv, 746 páginas atexto asin medio avolumen aIncluye: índice analítico (pp. 739-746) aConceptos, fundamentos y doctrina del derecho internacional público El derecho general internacional La organización de la comunidad internacional El arreglo pacifico de las diferencias entre los estados La ordenación juridica de la economía internacional Los nuevos desarrollos del derecho del mar Los sujetos del moderno derecho internacional El derecho internacional de los derechos humanos Suplemento14aDERECHO INTERNACIONAL